00993nam a22002417a 4500003000400000005001700004008004100021020001800062040001100080050002300091100003000114245011200144260004400256300004100300365001100341504005000352650005200402700004000454700003300494942001200527952019500539999001700734OSt20260505170830.0260505b |||||||| |||| 00| 0 eng d a9789719809302 cHS LRC aNX 280 b.T65 2018 aDevilles. Gary C.9131687 aArt sense :bsensing the arts in the everyday /cGary C. Devilles, Reagan R. Maiques, Rolando B. Tolentino  aQuezon City :bC&E Publishing, cc2018. axi, 313 p. : bcol. ill. ; c22 cm.  b378.00 aincludes appendices, bibliography and index.  aArt appreciation xStudy and teaching. 9131688 aMaiques, Reagan R. eAuthor9131689 aTolentino, Rolando B.eAuhor 2lcccBK 00102lcc40708FRCaDLSU-D HSbDLSU-D HScFCd2025-06-24eHS LRC SY 2024-2025g378.00iFRC-002591l0oNX 280 .T65 2018p3HS00000002591r2026-05-05 17:08:24t002591v378.00w2026-05-05yBK c94106d94106